THE ANIME BOOM IN THE UNITED STATES (Record no. 7999)

MARC details
000 -LEADER
fixed length control field 00319nam a2200133Ia 4500
008 - FIXED-LENGTH DATA ELEMENTS--GENERAL INFORMATION
fixed length control field 260604s9999 xx 000 0 und d
020 ## - INTERNATIONAL STANDARD BOOK NUMBER
International Standard Book Number 9780674241190
082 ## - DEWEY DECIMAL CLASSIFICATION NUMBER
Classification number 302.23 BUL
100 ## - MAIN ENTRY--PERSONAL NAME
Personal name DALIOT-BUL, MIC
9 (RLIN) 35235
245 #0 - TITLE STATEMENT
Title THE ANIME BOOM IN THE UNITED STATES
260 ## - PUBLICATION, DISTRIBUTION, ETC.
Name of publisher, distributor, etc. HBR
500 ## - GENERAL NOTE
General note Financial
942 ## - ADDED ENTRY ELEMENTS (KOHA)
Koha item type Book
Holdings
Date last seen Total Checkouts Full call number Barcode Cost, replacement price Price effective from Koha item type Lost status Damaged status Not for loan Withdrawn status Home library Current library Shelving location Date acquired Cost, normal purchase price BOOK NO
06/04/2026   302.23 BUL 003617 2265.00 06/04/2026 Book         Indian Institute of Management Visakhapatnam Indian Institute of Management Visakhapatnam   06/04/2026 2265.00 BUL

Copyright © 2024 Indian Institute of Management Visakhapatnam
Koha v23.05